| 000 | 00000nam##2200000za#4500 |
| 001 | 9.639594 |
| 003 | CaOODSP |
| 005 | 20210624222241 |
| 007 | cr ||||||||||| |
| 008 | 150407|1997||||xxc|||||o f|0| 0 fre|d |
| 040 | |aCaOODSP|bfre |
| 043 | |an-cn--- |
| 086 | 1 |aF1-23/1997-8F-PDF |
| 110 | 1 |aCanada. |bMinistère des finances. |
| 245 | 10|aEnsemble vers un régime national de prestations pour enfants |h[ressource électronique] |
| 246 | 1 |aBâtir l’avenir pour les Canadiens - budget 1997 |
| 260 | |aOttawa - Ontario : |bFinances Canada |cle 18 février 1997. |
| 300 | |a24p.|bgraphiques, tableaux |
| 500 | |aLe nº de catalogue (F1-23/1997-8F) et l'ISBN (0-662-81833-4) de l'édition imprimée ont été incorrectement copiés dans cette édition électronique. |
| 590 | |a12-11-Supp|b2012-03-27 |
| 691 | 07|aBudget|2gcpds |
| 691 | 07|aCrédit d'impôt|2gcpds |
| 691 | 07|aPauvreté dans l'enfance|2gcpds |
| 775 | 08|tWorking together towards a national child benefit system |w(CaOODSP)9.695458 |
| 856 | 40|ahttp://publications.gc.ca|qPDF|s254 Ko|uhttps://publications.gc.ca/collections/Collection/F1-23-1997-8F.pdf |